| 000 | 01147nam a22003137a 4500 | ||
|---|---|---|---|
| 005 | 20111114100839.0 | ||
| 008 | 111114t xxu||||| |||| 00| 0 eng d | ||
| 010 | _aENG-104086 | ||
| 020 |
_a9780198077381 _c325.00 |
||
| 020 |
_a0198077386 _c325.00 |
||
| 035 | _aEN-87619 | ||
| 037 | _bDBAD/PUB | ||
| 040 |
_aDPL _bEng |
||
| 082 | _a322.420954 | ||
| 100 |
_935772 _aRay, Rabindra |
||
| 245 |
_aThe Naxalites and their ideology / _cby Rabindra Ray. |
||
| 250 | _a3rd ed | ||
| 260 |
_aNew Delhi _bOxford University Press _c2011 |
||
| 270 |
_aYMCA Library Building, 1, Jai Singh Road _bNew Delhi _e110001 |
||
| 300 |
_axvii,244p. _c22cm (pbk) |
||
| 500 | _aIncludes bibliographical references and index | ||
| 520 | _aShort stories, poems, and articles on terrorism in South Asia. | ||
| 600 | _935777 | ||
| 650 |
_935779 _aNaxalite Movement. |
||
| 651 |
_935773 _aIndia _xPolitics and government _y1947- |
||
| 700 | _935790 | ||
| 942 |
_2ddc _cEN _mRAY _h322.420954 |
||
| 999 |
_c58311 _d58311 |
||